History Quiz

Random History or Nintendo Quiz
Score 0/10 Timer 02:00
0 Plays Today
District Member of Congress % Correct
N/A (Senate)Sen. Al Franken
100%
6thRep. Michele Bachmann
90.5%
N/A (Senate)Sen. Amy Klobuchar
90.5%
5thRep. Keith Ellison
81%
7thRep. Collin Peterson
76.2%
1stRep. Tim Walz
71.4%
2ndRep. John Kline
61.9%
8thRep. Chip Cravaack
61.9%
3rdRep. Erik Paulsen
57.1%
4thRep. Betty McCollum
57.1%
Remove Ads.
Support Sporcle.
Get the best of Sporcle when you Go Orange. This ad-free experience offers more features, more stats, and more fun while also helping to support Sporcle. Thank you for becoming a member.

You're not logged in!

Compare scores with friends on all Sporcle quizzes.
OR
Log In

Show Comments

Extras

Top Quizzes Today


Score Distribution

Your Account Isn't Verified!

In order to create a playlist on Sporcle, you need to verify the email address you used during registration. Go to your Sporcle Settings to finish the process.

Report this User

Report this user for behavior that violates our Community Guidelines.

Details: